MARC details
| 000 -LEADER |
| campo de control de longitud fija |
02351nam a2200385 i 4500 |
| 001 - NÚMERO DE CONTROL |
| campo de control |
196131 |
| 003 - IDENTIFICADOR DE NÚMERO DE CONTROL |
| campo de control |
ES-MaACL |
| 005 - FECHA Y HORA DE LA ÚLTIMA TRANSACCIÓN |
| campo de control |
20250806063150.0 |
| 008 - DATOS DE LONGITUD FIJA--INFORMACIÓN GENERAL |
| campo de control de longitud fija |
240813s2020 sp | |||| 000 0 spa |
| 015 ## - NÚMERO DE BIBLIOGRAFÍA NACIONAL |
| Número de bibliografía nacional |
MON20 |
| 017 ## - NÚMERO DE COPYRIGHT O DE DEPÓSITO LEGAL |
| Número de copyright o de depósito legal |
M 20185-2020 |
| Agencia que asigna |
Oficina Depósito Legal Madrid |
| 020 ## - NÚMERO INTERNACIONAL ESTÁNDAR DEL LIBRO |
| Número Internacional Estándar del Libro |
9788417885663 |
| 020 ## - NÚMERO INTERNACIONAL ESTÁNDAR DEL LIBRO |
| ISBN cancelado o inválido |
9788417885816 |
| Información calificativa |
E-book |
| 035 ## - NÚMERO DE CONTROL DEL SISTEMA |
| Número de control de sistema |
(SpMaBN)a6747420 |
| 040 ## - FUENTE DE CATALOGACIÓN |
| Centro catalogador/agencia de origen |
SpMaBN |
| Lengua de catalogación |
spa |
| Centro/agencia transcriptor |
SpMaBN |
| Normas de descripción |
rda |
| Centro/agencia modificador |
ES-MaACL |
| 080 ## - NÚMERO DE LA CLASIFICACIÓN DECIMAL UNIVERSAL |
| Número de la Clasificación Decimal Universal |
821.134.2-31"20" |
| 100 1# - ENTRADA PRINCIPAL--NOMBRE DE PERSONA |
| Nombre de persona |
Codina Rodríguez, Fernando |
| Término indicativo de función/relación |
Autor |
| 9 (RLIN) |
238631 |
| 245 10 - MENCIÓN DEL TÍTULO |
| Título |
Código binario : |
| Resto del título |
memorias de un hijo de la luz / |
| Mención de responsabilidad, etc. |
Fernando Codina Rodríguez. |
| 250 ## - MENCION DE EDICION |
| Mención de edición |
Primera edición: septiembre de 2020 |
| 264 #1 - PRODUCCIÓN, PUBLICACIÓN, DISTRIBUCIÓN, FABRICACIÓN Y COPYRIGHT |
| Producción, publicación, distribución, fabricación y copyright |
Tres Cantos (Madrid) : |
| Nombre del de productor, editor, distribuidor, fabricante |
Bohodón Ediciones, |
| Fecha de producción, publicación, distribución, fabricación o copyright |
[2020]. |
| 300 ## - DESCRIPCIÓN FÍSICA |
| Extensión |
238 páginas ; |
| Dimensiones |
21 cm |
| 336 ## - TIPO DE CONTENIDO |
| Término de tipo de contenido |
Texto |
| Fuente |
rdacontent |
| 337 ## - TIPO DE MEDIO |
| Nombre/término del tipo de medio |
sin mediación |
| Fuente |
rdamedia |
| 338 ## - TIPO DE SOPORTE |
| Nombre/término del tipo de soporte |
volumen |
| Fuente |
rdacarrier |
| 490 0# - MENCIÓN DE SERIE |
| Mención de serie |
Índigo |
| 520 ## - RESUMEN, ETC. |
| Sumario, etc. |
Vivir o morir, en el fondo, es una cuestión de azar, y de voluntad.Pero cuando la Naturaleza y el Destino intervienen en la ecuación,todo cambia. Bienvenidos a la Sexta Extinción, de la que tanto hablaban los mayas.Código Binario es una novela de ciencia ficción, narrada en primera persona; el testimonio del último ser humano vivo del planeta. Pero es al mismo tiempo una historia coral, puesto que en estas páginas están plasmados también una serie de testimonios de otros protagonistas,lo que nos permite hacernos una idea del alcance de la destrucción.Todo comenzó en la primavera del año 2034, con la súbita muerte y desaparición de la vida microscópica en los mares y océanos, lo cual tuvo un efecto casi inmediato en el resto de los seres vivos.Con el paso de las semanas, este proceso de extinción también empezó a darse entre los animales terrestres, desde los meros insectos hasta los grandes mamíferos, todas las criaturas del cielo, e incluso el reino vegetal. |
| 655 #0 - TERMINO DE INDIZACIÓN--GENERO/FORMA |
| Datos o término principal de género/forma |
Novelas |
| 9 (RLIN) |
234319 |
| 852 ## - LOCALIZACIÓN |
| Ubicación |
ES-MaACL |
| Ubicación en estantería |
Depósito J |
| Número de control de estantería |
N-10112 |
| Encuadernación |
Encuadernación rústica con solapas |
| Donativo/Legado |
Donación: Fernando Codina Rodríguez |
| itemnumber |
206231 |
| 903 ## - NOMBRE PERSONAL DE DONANTE |
| a |
Codina Rodríguez, Fernando |
| e |
Donante |
| 9 |
238631 |
| 942 ## - ELEMENTOS DE ENTRADA SECUNDARIOS (KOHA) |
| Tipo de ítem Koha |
Libro impreso |
| Suprimir en OPAC |
No |